|
|
|
|
| LEADER |
01049nam a2200265 a 4500 |
| 001 |
1926964 |
| 008 |
090527s1985 si a b 000 0 eng d |
| 010 |
|
|
|a 85244049
|
| 020 |
|
|
|a 9971978911
|
| 020 |
|
|
|a 997197892X (pbk.)
|
| 040 |
|
|
|a DLC
|c DLC
|d DLC
|
| 082 |
0 |
0 |
|a 530.1/2
|2 19
|
| 100 |
1 |
|
|a Strocchi, F.
|
| 245 |
1 |
0 |
|a Elements of quantum mechanics of infinite systems :
|b lecture notes /
|c by F. Strocchi.
|
| 260 |
|
|
|a Singapore ;
|a Philadelphia :
|b World Scientific,
|c c1985.
|
| 300 |
|
|
|a xiii, 179 p. :
|b ill. ;
|c 24 cm.
|
| 490 |
1 |
|
|a International School for Advanced Studies lecture series ;
|v no. 3
|
| 504 |
|
|
|a Includes bibliographical references.
|
| 541 |
1 |
|
|e 00014614
|
| 650 |
|
0 |
|a Quantum theory.
|
| 650 |
|
0 |
|a Processes, Infinite.
|
| 650 |
|
0 |
|a Broken symmetry (Physics)
|
| 852 |
4 |
|
|a Ayesha Abed Library
|j General Shelf.
|
| 999 |
|
|
|c 1081
|d 1081
|
| 952 |
|
|
|0 0
|1 0
|2 ddc
|4 0
|6 530_120000000000000_STR
|7 0
|9 977
|a BRACUL
|b BRACUL
|c GEN
|d 2009-06-24
|g 0.00
|l 0
|o 530.12 STR
|p 3010014614
|r 2009-06-24
|t 1
|w 2009-06-24
|y BK
|x No price found in the accession register.
|